000 00525nam a22001697a 4500
999 _c8980
_d8980
008 210309b ||||| |||| 00| 0 eng d
040 _aBMS College of Architecture
100 _aNaik, T, Anurag
245 _aOlympiad : Sports training academy
300 _a53p.
500 _a1BM09AT006
502 _8B.Arch
_NBMS College of Architecture, Visvesvaraya Technological University (VTU)
_aProject report
_d2013
650 _aSports
700 _aAjaichandran C K
_eGuide
700 _aBhagyalaxmi M
_eGuide
942 _2ddc
_cTHE